Derecho privado romano / (Record no. 84499)

MARC details
000 -LEADER
campo de control de longitud fija 00708nam a2200193 i 4500
001 - NÚMERO DE CONTROL
campo de control 84499
003 - IDENTIFICADOR DE NÚMERO DE CONTROL
campo de control ES-MaACL
005 - FECHA Y HORA DE LA ÚLTIMA TRANSACCIÓN
campo de control 20251114120808.0
007 - CAMPO FIJO DE DESCRIPCIÓN FÍSICA--INFORMACIÓN GENERAL
campo de control de longitud fija t|
008 - DATOS DE LONGITUD FIJA--INFORMACIÓN GENERAL
campo de control de longitud fija 041123s1937 sp ||||1| spa d
100 1# - ENTRADA PRINCIPAL--NOMBRE DE PERSONA
Nombre de persona Joers, Paul.
9 (RLIN) 66704
245 10 - MENCIÓN DEL TÍTULO
Título Derecho privado romano /
Mención de responsabilidad, etc. Paul Joers ; edición totalmente refundida por Wolfgang Kunkel ; traducción de la segunda edición alemana por L. Prieto Castro.
260 ## - PUBLICACIÓN, DISTRIBUCIÓN, ETC.
Lugar de publicación, distribución, etc. [S.l. :
Nombre del editor, distribuidor, etc. s.n.,
Fecha de publicación, distribución, etc. 1937] (
Lugar de fabricación/manufactura Barcelona :
Fabricante Talleres Gráficos Ibero Americanos)
300 ## - DESCRIPCIÓN FÍSICA
Extensión XII, 563 p. ;
Dimensiones 23 cm.
700 1# - ENTRADA AGREGADA--NOMBRE PERSONAL
Nombre de persona Kunkel, Wolfgang.
9 (RLIN) 69029
700 0# - ENTRADA AGREGADA--NOMBRE PERSONAL
Nombre de persona Prieto-Castro y Ferrándiz, Leonardo
9 (RLIN) 93919
852 ## - LOCALIZACIÓN
Ubicación ES-MaACL
Número de control de estantería A-4945
Sublocalización o colección R.16912
Holdings
Estatus retirado Estado de pérdida Estado de daño No para préstamo Biblioteca de origen Biblioteca actual Ubicación en estantería Fecha de adquisición Fuente de adquisición Total de préstamos Signatura topográfica completa Código de barras Visto por última vez Precio de reemplazo Tipo de ítem Koha
        Biblioteca del Ateneo de Madrid Biblioteca del Ateneo de Madrid Sala Pecera Planta 1 17/01/2008     A-4945 1088304 23/02/2023 23/02/2023 Libro impreso